История международного рабочего и национально-освободительного движения. Ч. 2: 1917-1939 годы (Запись № 8638775)

Подробности
000 -МАРКЕР
контрольное поле 01728nam2a22003011 4500
001 - ИДЕНТИФИКАТОР ЗАПИСИ
контрольное поле rc\4456414
005 - ИДЕНТИФИКАТОР ВЕРСИИ
контрольное поле 20260408083216.0
021 ## - НОМЕР ГОСУДАРСТВЕННОЙ РЕГИСТРАЦИИ
Код страны Российская Федерация
Номер [62-10215]
035 ## - ДРУГИЕ СИСТЕМНЫЕ НОМЕРА
Идентификатор записи (NLR Aleph) 008590125
100 ## - ДАННЫЕ ОБЩЕЙ ОБРАБОТКИ
Данные общей обработки 20130416d1962 |||y0rusy50 ca
101 0# - ЯЗЫК РЕСУРСА
Язык текста, звукозаписи и т.д. русский
102 ## - СТРАНА ПУБЛИКАЦИИ ИЛИ ПРОИЗВОДСТВА
Страна публикации Российская Федерация
105 ## - ПОЛЕ КОДИРОВАННЫХ ДАННЫХ: ТЕКСТОВЫЕ МАТЕРИАЛЫ, МОНОГРАФИЧЕСКИЕ
Кодированные данные о монографическом текстовом документе y z |||||
200 1# - ЗАГЛАВИЕ И СВЕДЕНИЯ ОБ ОТВЕТСТВЕННОСТИ
Основное заглавие 1917-1939 годы
Первые сведения об ответственности [Авт. глав: Богуш Е.Ю., Шеверда Л.А., Ефимова А.Л. и др.]
210 ## - ПУБЛИКАЦИЯ, РАСПРОСТРАНЕНИЕ И ДР.
Дата издания, распространения и т.д. 1962
Место издания, распространения и т.д. Б. м.
215 ## - ФИЗИЧЕСКАЯ ХАРАКТЕРИСТИКА
Специфическое обозначение материала и объем 637 с.
Размеры 22
461 #0 - УРОВЕНЬ НАБОРА
Встроенное поле 001rc\4456412
-- 2001#$aИстория международного рабочего и национально-освободительного движения$eУчеб. пособие$f[Отв. ред. Н.Д. Боголюбов и В.П. Рыжкова]. Ч. 1-$gВысш. парт. школа при ЦК КПСС. Кафедра истории междунар. рабочего и нац.-освободит. движения$vЧ. 2
Системный номер (АБИС) связанной записи 8638765
Место публикации Москва
Дата публикации 1959
Первые сведения об ответственности [Отв. ред. Н.Д. Боголюбов и В.П. Рыжкова]. Ч. 1-
Имя издателя, распространителя и т.д. Изд-во ВПШ и АОН
Сведения, относящиеся к заглавию Учеб. пособие
Заглавие История международного рабочего и национально-освободительного движения
Номер тома Ч. 2
701 #1 - ИМЯ ЛИЦА - АЛЬТЕРНАТИВНАЯ ОТВЕТСТВЕННОСТЬ
Начальный элемент ввода Шеверда
Часть имени, кроме начального элемента ввода Л.А.
701 #1 - ИМЯ ЛИЦА - АЛЬТЕРНАТИВНАЯ ОТВЕТСТВЕННОСТЬ
Код отношения Автор
Графика поля Кириллица
Материалы, к которым относится поле rus
Начальный элемент ввода Ефимова
Часть имени, кроме начального элемента ввода А. Л.
Дополнения к именам, кроме дат канд. ист. наук
Расширение инициалов личного имени Анна Львовна
Системный номер авторитетной/нормативной записи 265900
Идентификатор авторитетной/нормативной записи RU\NLR\AUTH\770265956
701 #1 - ИМЯ ЛИЦА - АЛЬТЕРНАТИВНАЯ ОТВЕТСТВЕННОСТЬ
Начальный элемент ввода Богуш
Часть имени, кроме начального элемента ввода Е.Ю.
712 02 - НАИМЕНОВАНИЕ ОРГАНИЗАЦИИ - ВТОРИЧНАЯ ОТВЕТСТВЕННОСТЬ
Начальный элемент ввода Высшая партийная школа
Идентифицирующий признак Москва
Идентификатор авторитетной/нормативной записи RU\NLR\AUTH\8810166024
Системный номер авторитетной/нормативной записи 828049
801 #0 - ИСТОЧНИК ЗАПИСИ
Страна Российская Федерация
Организация NLR
Правила каталогизации psbo
801 #1 - ИСТОЧНИК ЗАПИСИ
Страна Российская Федерация
Организация ELAR
Источник данных rusmarc
852 ## - МЕСТОНАХОЖДЕНИЕ И ШИФР ХРАНЕНИЯ
Идентификатор организации NLR
Шифр хранения (Call Number) 59-5/4527
942 ## - ДОПОЛНИТЕЛЬНЫЕ ЭЛЕМЕНТЫ ЗАПИСИ (АБИС)
Тип экземпляра АБИС Книга
980 ## - КОЛЛЕКЦИЯ
Название коллекции Национальная библиография
Экземпляры
Тип экземпляра Дата поступления Библиотека постоянного хранения Библиотека текущего хранения Место хранения Шифр хранения Штрих-код Статус экземпляра
Книга 26.10.2013 РНБ (Московский) РНБ (Московский) Русский книжный фонд: издания с 1957 года 59-5/4527 8590125-10